| 000 | 01566cam a22003737a 4500 | ||
|---|---|---|---|
| 003 | CHAP | ||
| 005 | 20220817043702.0 | ||
| 008 | 000619d1999 mx r 00110 esp d | ||
| 010 | _a81605 | ||
| 011 | _a82577 | ||
| 035 | _a93076 | ||
| 040 | _cCHAP | ||
| 082 | 0 | 4 |
_a631.4 _bS4 1999 |
| 111 | 0 | 0 |
_aSeminario de Avances de Investigación de los Programas Universitarios de Investigación en Diagnóstico, Conservación y Recuperación del Suelo, Agricultura Orgánica, Recursos Naturales y Ecología _d(2001 : _cChapingo, Méx.) _9104017 |
| 245 | 1 | 0 |
_aMemorias _c/por UACH. Subdirección General de Investigación, Postgrado y Servicio |
| 260 |
_a(Chapingo, Méx.) : _bUACH. Subdirección General de Investigación, Postgrado y Servicio, _c1999. |
||
| 300 |
_a146 p. : _bilus. |
||
| 590 |
_aBATCH-UPD _b10 _c20130110 _lUCH01 _h0520 |
||
| 590 |
_aBATCH-UPD _b10 _c20130410 _lUCH01 _h0159 |
||
| 590 |
_aBATCH-UPD _b10 _c20130410 _lUCH01 _h1617 |
||
| 590 |
_aBATCH-UPD _b10 _c20130913 _lUCH01 _h2230 |
||
| 590 |
_aCONVERSION _b10 _c20130109 _lUCH01 _h1345 |
||
| 650 | 1 | 4 |
_aAgricultura orgánica. _92005 |
| 650 | 1 | 4 |
_aEcología. _935134 |
| 650 | 1 | 4 |
_aRecursos naturales _xConservación. |
| 650 | 1 | 4 |
_aSuelos _xConservación _xCongresos. _9110292 |
| 650 | 1 | 4 |
_aSuelos _xInvestigación _xCongresos. _9110406 |
| 650 | 1 | 4 |
_aTierras _xRecuperación de. _9113120 |
| 901 | _aBK | ||
| 905 | _aAlejandra Carrasco M. | ||
| 942 | _cLIBRO | ||
| 949 |
_a631.4 S4 1999 _bBC _cCONG _d33724000799557 _eCONG _h98259 _i93076 _sb |
||
| 949 |
_a631.4 S4 1999 _bBC _cUACH _d930762 _eUACH _fc.2 _h98260 _i93076 _sb |
||
| 999 |
_c81605 _d81605 |
||